Eniten amerikansuomalaisia osavaltioittain - Statistics

Yleistilastot
  • Tätä visaa on pelattu 57 kertaa
  • Keskiarvotulos 7 / 10
Vastaustilastot
Lukumäärä Osavaltio % Oikein
18 131 New York
96%
29 337 Florida
92%
48 518 Kalifornia
88%
20 578 Texas
80%
53 599 Washington
75%
100 545 Minnesota
73%
94 259 Michigan
63%
39 698 Wisconsin
53%
23 510 Oregon
51%
22 556 Massachusetts
24%
Ehtoja vastaavia visoja ei löytynyt
Tulosjakauma
Jokaisen tuloksen saaneiden osuus
Persentiili vastausten määrän mukaan
Tuloshistoriasi
Et ole pelannut tätä visaa